000 01590nam a22003977a 4500
003 CHAP
005 20220329143736.0
008 110520s2011 mx r 00010 spa d
010 _a101243
011 _a102215
035 _a112903
040 _cCHAP
090 _aTesis
100 1 _aBarragán Hernández, Rodolfo.
_910318
245 1 0 _aResistencia de Avena fatua L. A Clodinafop - propargyl despues de rotación con herbicidas inhibidores de la enzima als.
_h[En línea]
_c/por Rodolfo Barragán Hernández
260 _aChapingo, Méx. :
_bEl autor,
_c2011
500 _aPara ver el contenido del material haga clic en la liga
502 _aTesis (Ing. Agr. Esp. en Parasitología Agrícola) -- UACH. Departamento de Parasitología Agrícola
590 _aALEPH
_b10
_c20130110
_lUCH01
_h1540
590 _aBATCH-UPD
_b10
_c20130110
_lUCH01
_h1403
590 _aBATCH-UPD
_b10
_c20130410
_lUCH01
_h0853
590 _aBATCH-UPD
_b10
_c20130914
_lUCH01
_h0436
590 _aBATCH-UPD
_b10
_c20140324
_lUCH01
_h1525
590 _aBATCH-UPD
_b10
_c20141002
_lUCH01
_h0849
590 _aBATCH
_b00
_c20181121
_lUCH01
_h0758
590 _aCONVERSION
_b10
_c20130109
_lUCH01
_h1356
650 1 4 _aAvena fatua.
_98557
650 1 4 _aEnzimas.
_937195
650 1 4 _aHerbicidas
_xAplicación.
_953692
856 _3Finding aid
_uhttp://10.13.5.2/tesis/112903.pdf
_zTeclea aqui
856 _a1
_n0000743
901 _aBK
942 _cFOLL
949 _aTesis
_bBC
_cTES
_d33724002251330
_eTS1
_gDonaciØn
_h52243
_i112903
_st
949 _aTesis
_bBC
_cTES
_d33724002251371
_eTS2
_fc.2
_gDonaciØn
_h52244
_i112903
_st
999 _c101243
_d101243